| 000 | 00614nam a22001337a 4500 | ||
|---|---|---|---|
| 040 | _cRUA | ||
| 082 | _aAGR SAL 2020 B1.598 Or. | ||
| 100 | _aSAL CHANRA សល់ ចាន់រ៉ា | ||
| 245 | _aEFFECTIVE OF CORN POWDER RATES IN SAWDUST TO THE GROWTH OF OYSTER MUSHROOM. ប្រសិទ្ធភាពម្សៅពោតលាយជាមួយអាចម៍រណាលើដំណាំផ្សិតអំបោះ | ||
| 260 |
_aPhnom Penh _bRUA _c2020 |
||
| 300 |
_aX.33P _bVII. _c29CM |
||
| 856 | _uhttps://drive.google.com/file/d/1HgtJOQefNY8nUXBYbopwGxsEXLR8Ap7P/view?usp=sharing | ||
| 942 | _cAGR | ||
| 999 |
_c21586 _d21586 |
||